[Event "20070320"]
[Site "http://www.queenalice.com/game.php?id=185374"]
[Date "2007.3.21"]
[Round "-"]
[White "Craic"]
[Black "alwhitener"]
[Result "1/2-1/2"]
[WhiteElo "1457"]
[BlackElo "1220"]

1. e4 e5 2. Nf3 Bc5 3. Nxe5 Qe7 4. d4 Bb4+ 5. c3 Ba5 6. b4 Bb6 7. Be3 d6 8. Nc4
Nf6 9. Nxb6 axb6 10. f3 O-O 11. Bc4 Be6 12. Bxe6 Qxe6 13. d5 Qd7 14. O-O c5 15.
bxc5 bxc5 16. c4 b5 17. cxb5 Qxb5 18. Nc3 Qa5 19. Qb3 Qa3 20. Qxa3 Rxa3 21. Nb5
Rxe3 22. Nxd6 Nbd7 23. Rab1 g6 24. a4 Re2 25. Rf2 Rxf2 26. Kxf2 Rb8 27. Ra1 Rb6
28. Nc4 Rb4 29. Nd6 Rb6 30. Nc4 Rb4 31. Ne3 Rb7 32. a5 Nb8 33. Nc4 Rb4 34. Nd6
c4 35. Ke3 c3 36. Kd3 Rb2 37. Kxc3 Rxg2 38. Rb1 Na6 39. Rb6 Nc7 40. Rb7 Na6 41.
Rxf7 Nh5 42. e5 Re2 43. Kc4 Rxe5 44. h4 1/2-1/2

[Event "20070410"]
[Site "http://www.queenalice.com/game.php?id=194974"]
[Date "2007.4.11"]
[Round "-"]
[White "class_act"]
[Black "alwhitener"]
[Result "1-0"]
[WhiteElo "1308"]
[BlackElo "1236"]

1. e4 e5 2. Bc4 Bc5 3. Qh5 Qf6 4. Nh3 Nh6 5. d3 O-O 6. Bg5 Qg6 7. Qxg6 hxg6 8.
Be3 d6 9. Nc3 Bg4 10. Bxc5 dxc5 11. f3 Bd7 12. Nd5 Na6 13. Bxa6 bxa6 14. Nxc7
Rac8 15. Nxa6 Bb5 16. O-O-O Bxa6 17. f4 Rcd8 18. fxe5 c4 19. Nf4 1-0

[Event "20070410"]
[Site "http://www.queenalice.com/game.php?id=194975"]
[Date "2007.4.11"]
[Round "-"]
[White "burg"]
[Black "alwhitener"]
[Result "0-1"]
[WhiteElo "1228"]
[BlackElo "1230"]

1. e4 e5 2. Nf3 Bc5 3. Nc3 c6 4. Bc4 d5 5. exd5 cxd5 6. Bxd5 Nf6 7. Bb3 O-O 8.
O-O Bf5 9. Nxe5 Nc6 10. Nxf7 Rxf7 11. d3 Qd4 0-1

[Event "AUTO-BEG-66"]
[Site "http://www.queenalice.com/game.php?id=197226"]
[Date "2007.4.15"]
[Round "2"]
[White "alwhitener"]
[Black "rodrigohuii"]
[Result "0-1"]
[WhiteElo "1243"]
[BlackElo "1571"]

1. e4 e5 2. Bc4 Nf6 3. Nf3 Bc5 4. O-O Nc6 5. d3 O-O 6. Nc3 h6 7. Be3 d6 8. Qd2
Bxe3 9. Qxe3 Ng4 10. Qe2 Nf6 0-1

[Event "AUTO-BEG-66"]
[Site "http://www.queenalice.com/game.php?id=197227"]
[Date "2007.4.15"]
[Round "2"]
[White "rodrigohuii"]
[Black "alwhitener"]
[Result "1-0"]
[WhiteElo "1568"]
[BlackElo "1246"]

1. e4 e5 2. Nf3 Bc5 3. Bc4 Nf6 4. d4 d6 5. Nc3 O-O 6. dxc5 dxc5 7. Nd5 Nxe4 8.
O-O Bg4 9. Qd3 Nd6 10. Nxe5 Bf5 11. Qd1 1-0

[Event "AUTO-BEG-66"]
[Site "http://www.queenalice.com/game.php?id=197228"]
[Date "2007.4.15"]
[Round "2"]
[White "alwhitener"]
[Black "marinhoxadrez"]
[Result "0-1"]
[WhiteElo "1240"]
[BlackElo "1776"]

1. e4 e5 2. Bc4 Nf6 3. Nf3 Nc6 4. d3 Bc5 5. O-O O-O 6. Bg5 h6 7. Bh4 d6 8. Nc3
Bg4 9. h3 Bh5 10. Ne2 Qd7 11. Ng3 Bxf3 12. Qxf3 Nd4 13. Qd1 g5 0-1

[Event "AUTO-BEG-66"]
[Site "http://www.queenalice.com/game.php?id=197229"]
[Date "2007.4.15"]
[Round "2"]
[White "marinhoxadrez"]
[Black "alwhitener"]
[Result "1-0"]
[WhiteElo "1778"]
[BlackElo "1238"]

1. e4 e5 2. Nf3 Bc5 3. Bc4 Nf6 4. Nc3 d6 5. Ng5 O-O 6. d3 Bxf2+ 7. Kxf2 Nc6 8.
Rf1 Bg4 9. Qe1 Nd4 10. Bb3 Qd7 11. Kg1 c6 12. Qh4 Nxb3 13. axb3 1-0

[Event "Challenge"]
[Site "http://www.queenalice.com/game.php?id=252666"]
[Date "2007.8.8"]
[Round "-"]
[White "alwhitener"]
[Black "robertolanger"]
[Result "1-0"]
[WhiteElo "1217"]
[BlackElo "1336"]

1. e4 e6 2. Bc4 Nf6 3. Qe2 d5 4. exd5 Nxd5 5. Nf3 Bd6 6. Bxd5 O-O 7. Be4 f5 8.
Bd5 exd5 9. O-O f4 10. d3 Bg4 11. Nbd2 Nc6 12. b3 Be5 13. Rb1 Nb4 14. Bb2 Qd6
15. Qxe5 Bxf3 16. Qxg7# 1-0

[Event "AUTO-BEG-127"]
[Site "http://www.queenalice.com/game.php?id=254162"]
[Date "2007.8.11"]
[Round "1"]
[White "Romerflu"]
[Black "alwhitener"]
[Result "1-0"]
[WhiteElo "1170"]
[BlackElo "1245"]

1. e4 e5 2. Nf3 Nf6 3. Nxe5 Nxe4 4. f3 Nf2 5. Kxf2 Bc5+ 6. d4 Bb6 7. Bc4 O-O 8.
Bxf7+ Rxf7 9. Nxf7 Kxf7 10. Re1 d6 11. g4 Nc6 12. Be3 Qf6 13. g5 Qg6 14. h4 Nb4
15. f4 Nxc2 16. h5 Qf5 17. g6+ hxg6 18. hxg6+ Qxg6 19. Rg1 Qf5 20. Rg5 1-0

[Event "AUTO-BEG-127"]
[Site "http://www.queenalice.com/game.php?id=254163"]
[Date "2007.8.11"]
[Round "1"]
[White "alwhitener"]
[Black "Romerflu"]
[Result "0-1"]
[WhiteElo "1266"]
[BlackElo "1149"]

1. e4 Nc6 2. Bc4 Na5 3. Bb5 c6 4. Ba4 b5 5. Bb3 Nxb3 6. cxb3 b4 7. Nf3 Nf6 8.
O-O Nxe4 9. d4 Ba6 10. Re1 d5 11. Ng5 Nxg5 12. Bxg5 h6 13. Bf4 g5 14. Bg3 h5 15.
Be5 f6 16. Bxf6 Rh6 17. Bxg5 Rg6 18. Qd2 Bc8 19. Bf4 e6 20. Be5 Bd6 0-1

[Event "AUTO-BEG-127"]
[Site "http://www.queenalice.com/game.php?id=254172"]
[Date "2007.8.11"]
[Round "1"]
[White "alwhitener"]
[Black "tayron"]
[Result "0-1"]
[WhiteElo "1226"]
[BlackElo "1609"]

1. e4 c5 2. Bc4 e6 3. Nf3 Nc6 4. O-O Be7 5. d3 a6 6. Nc3 Nf6 7. Bf4 O-O 8. b3 d6
9. Ng5 h6 10. Nf3 e5 11. Bxh6 gxh6 0-1

[Event "AUTO-BEG-127"]
[Site "http://www.queenalice.com/game.php?id=254173"]
[Date "2007.8.11"]
[Round "1"]
[White "tayron"]
[Black "alwhitener"]
[Result "1-0"]
[WhiteElo "1611"]
[BlackElo "1224"]

1. d4 e5 2. Nf3 Bb4+ 3. Bd2 Bxd2+ 4. Nbxd2 Nf6 5. dxe5 O-O 6. exf6 Qxf6 7. e3 d6
8. Bd3 Bg4 9. h3 Bf5 10. Bxf5 Qxf5 11. O-O Nc6 12. Nb3 Qd7 13. Nc5 1-0